| 000 | 00973cam a2200157ua 4500 | ||
|---|---|---|---|
| 041 |
_aeng _h |
||
| 082 |
_a627.8 _bIND/GU |
||
| 110 | 1 |
_aIndian standards institution . _bISI _c() |
|
| 245 |
_aGuide for presentation of project report for river valley projects IS: 4008-1985 / _cIndian standards institution. _hTextual Documents |
||
| 250 |
_a1 / _b. |
||
| 260 |
_aNew Delhi : _bIndian standards institution , _c1986. |
||
| 300 | _a13 ; . | ||
| 504 | _a | ||
| 942 | _cBK | ||
| 999 |
_c10279 _d10279 |
||